The longest day: June 6, 1944. (Record no. 551931)
[ view plain ]
| 000 -LEADER | |
|---|---|
| fixed length control field | 00467cam a22001331 4500 |
| 082 00 - DEWEY DECIMAL CLASSIFICATION NUMBER | |
| Classification number | 940.5409 |
| Author Mark | RYA |
| -- | L-30-II, P-63 |
| 100 1# - MAIN ENTRY--PERSONAL NAME | |
| Personal name | Ryan, Cornelius. |
| 9 (RLIN) | 46236 |
| 245 14 - TITLE STATEMENT | |
| Title | The longest day: June 6, 1944. |
| 260 ## - PUBLICATION, DISTRIBUTION, ETC. | |
| Place of publication, distribution, etc. | New York, |
| Name of publisher, distributor, etc. | Simon and Schuster, |
| Date of publication, distribution, etc. | 1959. |
| 300 ## - PHYSICAL DESCRIPTION | |
| Extent | 350 p. |
| Other physical details | illus., ports., col. maps (on lining papers) |
| Dimensions | 24 cm. |
| 526 ## - STUDY PROGRAM INFORMATION NOTE | |
| Program name | 0 |
| Interest level | 0 |
| Reading level | 0 |
| Title point value | 940_540900000000000_RYA |
| 650 #0 - SUBJECT ADDED ENTRY--TOPICAL TERM | |
| Topical term or geographic name entry element | World War, 1939-1945 |
| General subdivision | Campaigns |
| Geographic subdivision | France |
| -- | Normandy. |
| 9 (RLIN) | 49100 |
| 942 ## - ADDED ENTRY ELEMENTS (KOHA) | |
| Source of classification or shelving scheme | |
| Koha item type | Book |
| Withdrawn status | Lost status | Source of classification or shelving scheme | Damaged status | Not for loan | Permanent Location | Current Location | Date acquired | Total Checkouts | Total Renewals | Full call number | Barcode | Date last seen | Date last checked out | Price effective from | Koha item type |
|---|---|---|---|---|---|---|---|---|---|---|---|---|---|---|---|
| Military College of Engineering (MCE) | Military College of Engineering (MCE) | 01/01/2015 | 4 | 1 | 940.5409 RYA | MCE-9189 | 08/06/2020 | 07/02/2020 | 01/01/2015 | Book |
